| 000 -CABECERA |
| fixed length control field |
02242nam a22003137a 4500 |
| 003 - IDENTIFICADOR DEL NÚMERO DE CONTROL |
| control field |
AR-CdUCM |
| 008 - DATOS DE LONGITUD FIJA--INFORMACIÓN GENERAL |
| fixed length control field |
190425b ||||| |||| 00| 0 spa d |
| 040 ## - FUENTE DE LA CATALOGACIÓN |
| Agencia/entidad que catalogó originalmente la obra |
MUNICIPALIDAD PROVINCIAL DEL CUSCO |
| Entidad que transcribió la catalogación |
BIBLIOTECA MUNICIPAL DEL CUSCO |
| 082 ## - NÚMERO DE LA CLASIFICACIÓN DECIMAL DEWEY |
| No. de Clasificación |
Rev.FC/N°2/1968 |
| 110 ## - ENTRADA PRINCIPAL--NOMBRE DE ENTIDAD CORPORATIVA |
| Nombre de la institución, jurisdicción como entrada principal |
Universidad Nacional de San Antonio Abad del Cuzco |
| 9 (RLIN) |
14483 |
| 245 ## - MENCIÓN DE TÍTULO |
| Título |
Revista de la Facultad de Ciencias / |
| Mención de responsabilidad |
Universidad Nacional de San Antonio Abad del Cuzco |
| 260 ## - PUBLICACIÓN, DISTRIBUCIÓN, ETC. |
| Lugar de publicación, distribución, etc. |
Cusco. |
| Nombre de la editorial, distribuidor, etc. |
Garcilaso, |
| Fecha de publicación, distribución, etc. |
1968. |
| 300 ## - DESCRIPCIÓN FÍSICA |
| Nº de Páginas Extensión |
241 páginas. : |
| Dimensiones |
235 cm. |
| 440 ## - MENCIÓN DE SERIE/PUNTO DE ACCESO ADICIONAL--TÍTULO |
| Título |
Revista de la Facultad de Ciencias. |
| Número de la parte/sección de una obra |
N° 2.1968 |
| 9 (RLIN) |
47052 |
| 505 ## - NOTA DE CONTENIDO CON FORMATO |
| Nota de contenido formateada |
Contenido: Notas acerca de prosopis strombulifera. Cesar Vargas. -- Quirópteros del departamento de Loreto. Ismael Ceballos. -- Contribución al conocimiento de los Gasterópodos de la Region del Cusco. Ángel Flores. -- Apuntes de Neuro-anatomía. Guillermo Maravi. -- El fenómeno de la salida del sol en Tres Cruces. Luis Olazo Olivera. -- Control del gorgojo de los andes en el cultivo de la papa. Gerardo Molleda. -- Una nueva especie de gramínea. Efraín Carrillo. -- Variaciones atmosféricas y comportamiento biológico de los animales del zoológica Pical durante el eclipse solar ultimo. Palomino Vega. --Variaciones atmosféricas y comportamiento biológico de los animales del zoológica Picol durante el eclipse solar ultimo. Palomino Vega. -- Lista preliminar de insectos de departamento de entomología. Francisco Carrasco. -- Carbono ordinario y el carbono 14. Lucio Bueno. -- Entomólogos visitantes. Francisco Carrasco. -- Segunda Reunión latino americana de fisiología vegetal y otras actividades cumplidas en la republica Argentina. Horacio Zamalloa. -- Apuntes sobre los nombres quechuas de los biotipos, formaciones y asociación vegetales. Felipe Marín. |
| 650 ## - PUNTO DE ACCESO ADICIONAL DE MATERIA--TÉRMINO DE MATERIA |
| Descriptor |
zoología |
| 9 (RLIN) |
47053 |
| 650 ## - PUNTO DE ACCESO ADICIONAL DE MATERIA--TÉRMINO DE MATERIA |
| Descriptor |
Quechua |
| 9 (RLIN) |
2063 |
| 650 ## - PUNTO DE ACCESO ADICIONAL DE MATERIA--TÉRMINO DE MATERIA |
| Descriptor |
Biología |
| 9 (RLIN) |
881 |
| 700 ## - PUNTO DE ACCESO ADICIONAL--NOMBRE DE PERSONA |
| Nombre Personal |
Zamalloa Diaz, Horacio, |
| 9 (RLIN) |
46081 |
| 700 ## - PUNTO DE ACCESO ADICIONAL--NOMBRE DE PERSONA |
| Nombre Personal |
Vargas, Cesar. |
| 9 (RLIN) |
45886 |
| 700 ## - PUNTO DE ACCESO ADICIONAL--NOMBRE DE PERSONA |
| Nombre Personal |
Flores, Ángel |
| 9 (RLIN) |
31048 |
| 700 ## - PUNTO DE ACCESO ADICIONAL--NOMBRE DE PERSONA |
| Nombre Personal |
Maravi, Guillermo |
| 9 (RLIN) |
47054 |
| 700 ## - PUNTO DE ACCESO ADICIONAL--NOMBRE DE PERSONA |
| Nombre Personal |
Olazo Olivera, Luis |
| 9 (RLIN) |
47055 |
| 700 ## - PUNTO DE ACCESO ADICIONAL--NOMBRE DE PERSONA |
| Nombre Personal |
Molleda, Gerardo |
| 9 (RLIN) |
19319 |
| 700 ## - PUNTO DE ACCESO ADICIONAL--NOMBRE DE PERSONA |
| Nombre Personal |
Carrillo, Efraín |
| 9 (RLIN) |
47056 |
| 700 ## - PUNTO DE ACCESO ADICIONAL--NOMBRE DE PERSONA |
| Nombre Personal |
Marín, Felipe |
| 9 (RLIN) |
47057 |
| 942 ## - ELEMENTOS DE PUNTO DE ACCESO ADICIONAL (KOHA) |
| Fuente de clasificación |
|
| Tipo de item |
Revistas cusqueñas |
| 945 ## - PROCESAMIENTO DE INFORMACIÓN LOCAL (OCLC) |
| Catalogador |
rac |